[Event "Napoli Winter Cup 1st"]
[Site "Napoli"]
[Date "2017.02.02"]
[Round "3"]
[White "Taurisano, Vincenzo"]
[Black "Cocchia, Umberto"]
[Result "0-1"]
[WhiteElo "1832"]
[BlackElo "1835"]
[PlyCount "82"]
[EventDate "2017.01.19"]
[EventType "swiss"]
[EventRounds "5"]
[EventCountry "ITA"]
[SourceTitle "EXT 2018"]
[Source "ChessBase"]
[SourceDate "2017.10.13"]
[SourceVersion "1"]
[SourceVersionDate "2017.10.13"]
[SourceQuality "1"]

1. e4 d5 2. exd5 Nf6 3. Nc3 Nxd5 4. Nxd5 Qxd5 5. Nf3 Nc6 6. Be2 e5 7. d3 Bc5 8. 0-0 h6 9. c3 0-0 10. Be3 Bb6 11. Ne1 Bf5 12. Bf3 Qd6 13. Bxc6 Qxc6 14. Qh5 Qg6 15. Qxg6 Bxg6 16. Bxb6 axb6 17. a3 Rad8 18. Rd1 Rd6 19. f4 exf4 20. Rxf4 c5 21. d4 Rfd8 22. Nf3 Bh5 23. Kf2 g5 24. Rf5 f6 25. b4 cxb4 26. axb4 Bg4 27. Rb5 Bd7 28. c4 Bxb5 29. cxb5 Rd5 30. Re1 Kf7 31. Rc1 R8d7 32. Ke3 Rxb5 33. Rc4 Rbd5 34. h4 g4 35. Nd2 b5 36. Rc5 Rxd4 37. Ne4 Rxb4 38. Rf5 Rdd4 39. Nxf6 Ke6 40. Rf1 Rf4 41. Rxf4 Rxf4 0-1

[Event "Napoli Trofeo Caissa 2nd"]
[Site "Napoli"]
[Date "2016.12.01"]
[Round "5"]
[White "Taurisano, Vincenzo"]
[Black "Buiano, Fabio"]
[Result "1-0"]
[WhiteElo "1837"]
[BlackElo "2123"]
[PlyCount "43"]
[EventDate "2016.11.03"]
[EventType "swiss"]
[EventRounds "7"]
[EventCountry "ITA"]
[SourceTitle "EXT 2018"]
[Source "ChessBase"]
[SourceDate "2017.10.13"]
[SourceVersion "1"]
[SourceVersionDate "2017.10.13"]
[SourceQuality "1"]

1. d4 Nf6 2. c4 e6 3. Nc3 Bb4 4. Qc2 0-0 5. Nf3 b6 6. e4 Bb7 7. Bd3 d5 8. cxd5 exd5 9. e5 Ne4 10. 0-0 Bxc3 11. bxc3 f5 12. exf6 Qxf6 13. Ne5 g6 14. Bxe4 dxe4 15. Qb3+ Kh8 16. Bh6 Nc6 17. Nd7 Na5 18. Qd1 Qc6 19. Nxf8 Rd8 20. Qg4 Bc8 21. Qf4 Nc4 22. Qf7 1-0

[Event "Napoli Trofeo Caissa 2nd"]
[Site "Napoli"]
[Date "2016.11.24"]
[Round "4"]
[White "Angelotti, Mario"]
[Black "Taurisano, Vincenzo"]
[Result "0-1"]
[WhiteElo "1712"]
[BlackElo "1837"]
[PlyCount "60"]
[EventDate "2016.11.03"]
[EventType "swiss"]
[EventRounds "7"]
[EventCountry "ITA"]
[SourceTitle "EXT 2018"]
[Source "ChessBase"]
[SourceDate "2017.10.13"]
[SourceVersion "1"]
[SourceVersionDate "2017.10.13"]
[SourceQuality "1"]

1. e4 c5 2. Nc3 g6 3. f4 Bg7 4. Nf3 Nc6 5. e5 d5 6. d4 cxd4 7. Nxd4 a6 8. Be3 e6 9. Be2 Nge7 10. 0-0 0-0 11. Qd2 Bd7 12. Nd1 Nxd4 13. Bxd4 Rc8 14. Nf2 Nf5 15. Ng4 Nxd4 16. Qxd4 Rxc2 17. Bd3 Rd2 18. Qc3 Qb6+ 19. Rf2 Rxf2 20. Nxf2 Rc8 21. Qd2 Qc5 22. h3 f6 23. Re1 fxe5 24. fxe5 Rf8 25. Re2 Qd4 26. Kh1 Bxe5 27. Qe1 Bg3 28. Kg1 Rxf2 29. Rxf2 Bxf2+ 30. Qxf2 Qxf2+ 0-1

[Event "Napoli Trofeo Caissa 2nd"]
[Site "Napoli"]
[Date "2016.11.03"]
[Round "1"]
[White "Mocerino, Dario"]
[Black "Taurisano, Vincenzo"]
[Result "0-1"]
[WhiteElo "1517"]
[BlackElo "1837"]
[PlyCount "90"]
[EventDate "2016.11.03"]
[EventType "swiss"]
[EventRounds "7"]
[EventCountry "ITA"]
[SourceTitle "EXT 2018"]
[Source "ChessBase"]
[SourceDate "2017.10.13"]
[SourceVersion "1"]
[SourceVersionDate "2017.10.13"]
[SourceQuality "1"]

1. e4 e6 2. e5 d5 3. exd6 cxd6 4. Ne2 Nf6 5. g3 Nc6 6. Bg2 Be7 7. b3 0-0 8. 0-0 d5 9. Bb2 Qc7 10. d3 e5 11. Nd2 Be6 12. Nf3 Rfd8 13. Nc3 a6 14. Qe2 h6 15. Rfe1 Bd6 16. Qf1 Rac8 17. Ne2 Qb8 18. a3 b5 19. h3 b4 20. a4 a5 21. Rac1 d4 22. g4 Nd5 23. Ng3 Nf4 24. Ne2 Nxg2 25. Qxg2 Qb7 26. Ng3 Ne7 27. Nxe5 Bd5 28. Qf1 Bxe5 29. Rxe5 Ng6 30. Ree1 Qb6 31. Nf5 Bb7 32. Ng3 Nf4 33. Kh2 Bg2 34. Qxg2 Nxg2 35. Kxg2 Re8 36. Rxe8+ Rxe8 37. Nf5 Rd8 38. Re1 Qc6+ 39. Re4 Qxc2 40. Bxd4 Qxd3 41. Re3 Qd2 42. Bb6 Rd3 43. Bxa5 Rxe3 44. Nxe3 Qc3 45. Bxb4 Qxb4 0-1

[Event "Napoli Autunno Vomero op-A"]
[Site "Napoli"]
[Date "2016.10.06"]
[Round "5"]
[White "Taurisano, Vincenzo"]
[Black "Calvanese, Giuseppe"]
[Result "1-0"]
[WhiteElo "1850"]
[BlackElo "1599"]
[PlyCount "81"]
[EventDate "2016.09.08"]
[EventType "swiss"]
[EventRounds "7"]
[EventCountry "ITA"]
[SourceTitle "EXT 2018"]
[Source "ChessBase"]
[SourceDate "2017.10.13"]
[SourceVersion "1"]
[SourceVersionDate "2017.10.13"]
[SourceQuality "1"]

1. e4 e5 2. Nf3 d6 3. d4 exd4 4. Nxd4 g6 5. c4 Bg7 6. Be2 Bd7 7. Nc3 Nc6 8. Be3 Nf6 9. f3 0-0 10. 0-0 Qc8 11. Qd2 Nxd4 12. Bxd4 Ne8 13. Nd5 Qd8 14. f4 f5 15. e5 Bc6 16. Bf3 Kh8 17. Rae1 Qc8 18. e6 Bxd5 19. e7 Bxd4+ 20. Qxd4+ Rf6 21. Bxd5 Kg7 22. Be6 Qb8 23. Bd7 c5 24. Qc3 Kf7 25. Re3 Qc7 26. Ba4 a6 27. Rfe1 Rb8 28. Bd1 b5 29. Bf3 b4 30. Bd5+ Kg7 31. Qd2 Qd7 32. Qe2 a5 33. b3 a4 34. h4 axb3 35. axb3 Kh8 36. h5 Kg7 37. hxg6 Rxg6 38. Qb2+ Rf6 39. Rg3+ Kh6 40. Rh3+ Kg7 41. Ree3 1-0

[Event "Napoli Moscarella Memorial"]
[Site "Napoli"]
[Date "2016.01.14"]
[Round "2"]
[White "Ambrosio, Giuseppe"]
[Black "Taurisano, Vincenzo"]
[Result "1-0"]
[WhiteElo "2079"]
[BlackElo "1834"]
[PlyCount "69"]
[EventDate "2016.01.07"]
[EventType "swiss"]
[EventRounds "6"]
[EventCountry "ITA"]
[SourceTitle "EXT 2018"]
[Source "ChessBase"]
[SourceDate "2017.10.13"]
[SourceVersion "1"]
[SourceVersionDate "2017.10.13"]
[SourceQuality "1"]

1. d4 Nf6 2. Bg5 d5 3. Bxf6 exf6 4. e3 Bd6 5. Bd3 c5 6. c3 cxd4 7. cxd4 Nc6 8. Nc3 Be6 9. Nge2 0-0 10. 0-0 f5 11. g3 Rc8 12. Qb3 Na5 13. Qc2 Qd7 14. Rfc1 a6 15. Qa4 Nc6 16. Nf4 b5 17. Qxa6 Ra8 18. Qxb5 Rfb8 19. Ncxd5 Rxb5 20. Bxb5 Bxd5 21. Nxd5 Qe6 22. Bxc6 Rb8 23. Rab1 g5 24. b4 f4 25. e4 fxg3 26. hxg3 h5 27. Bd7 Qh6 28. e5 Bf8 29. Rc6 Qh8 30. Rbc1 h4 31. b5 hxg3 32. fxg3 Rd8 33. Nf6+ Kg7 34. Kg2 Be7 35. Rh1 1-0

[Event "Napoli Sociale-ch"]
[Site "Napoli"]
[Date "2015.12.03"]
[Round "5"]
[White "Taurisano, Vincenzo"]
[Black "Cocchia, Umberto"]
[Result "1/2-1/2"]
[WhiteElo "1843"]
[BlackElo "1822"]
[PlyCount "72"]
[EventDate "2015.11.05"]
[EventType "swiss"]
[EventRounds "7"]
[EventCountry "ITA"]
[SourceTitle "EXT 2018"]
[Source "ChessBase"]
[SourceDate "2017.10.13"]
[SourceVersion "1"]
[SourceVersionDate "2017.10.13"]
[SourceQuality "1"]

1. e4 d5 2. exd5 Nf6 3. Nf3 Nxd5 4. d4 g6 5. c4 Nb6 6. Be2 Bg7 7. 0-0 0-0 8. Nc3 Nc6 9. Be3 Bg4 10. d5 Bxf3 11. Bxf3 Ne5 12. c5 Nbc4 13. Qb3 Nxf3+ 14. gxf3 Nxe3 15. fxe3 Bxc3 16. bxc3 b6 17. cxb6 axb6 18. f4 Qd6 19. a4 f5 20. c4 Ra5 21. Ra2 Rfa8 22. Rfa1 Kf7 23. Qc3 e6 24. dxe6+ Qxe6 25. Qd3 Qe8 26. Rd2 Rxa4 27. Rxa4 Rxa4 28. Qd7+ Qxd7 29. Rxd7+ Kg8 30. Rxc7 Ra1+ 31. Kg2 Ra2+ 32. Kg3 Rc2 33. Rc6 Kf7 34. h4 Rc3 35. Kf3 Rc2 36. Kg3 Rc3 1/2-1/2

[Event "Napoli Sociale-ch"]
[Site "Napoli"]
[Date "2015.11.12"]
[Round "2"]
[White "Di Gennaro, Antonio"]
[Black "Taurisano, Vincenzo"]
[Result "0-1"]
[WhiteElo "1666"]
[BlackElo "1848"]
[PlyCount "130"]
[EventDate "2015.11.05"]
[EventType "swiss"]
[EventRounds "7"]
[EventCountry "ITA"]
[SourceTitle "EXT 2018"]
[Source "ChessBase"]
[SourceDate "2017.10.13"]
[SourceVersion "1"]
[SourceVersionDate "2017.10.13"]
[SourceQuality "1"]

1. e4 c5 2. Nf3 d6 3. d4 cxd4 4. Nxd4 Nf6 5. Nc3 a6 6. Be3 e5 7. Nb3 Be7 8. f3 Be6 9. Qd2 Nc6 10. 0-0-0 0-0 11. g4 b5 12. g5 Nh5 13. Nd5 Bxd5 14. exd5 Nd4 15. Qg2 Nxb3+ 16. cxb3 Qa5 17. Kb1 Rfc8 18. Bd3 Qb4 19. Rc1 Qh4 20. Bf5 Rxc1+ 21. Rxc1 Nf4 22. Qg3 Qxg5 23. Qxg5 Bxg5 24. Rc8+ Rxc8 25. Bxc8 a5 26. Bd7 b4 27. Bc6 Bd8 28. Kc2 Ng6 29. Kd2 Ne7 30. Bb7 h6 31. Ke2 f5 32. Bd2 Kf7 33. a3 bxa3 34. bxa3 f4 35. Kd3 Nf5 36. Ba6 Nd4 37. Bxf4 Nxb3 38. Be3 Kf6 39. Kc4 Nd4 40. Bxd4 exd4 41. Kxd4 Kf5 42. Ke3 Bb6+ 43. Ke2 Ke5 44. Bc4 Kd4 45. Bb3 Kc3 46. Bd1 Kc4 47. Kd2 Kxd5 48. Kd3 Ke5 49. Kc4 d5+ 50. Kb5 Bd8 51. Kc6 d4 52. Kd7 Bg5 53. Kc6 d3 54. Kb5 Kd4 55. Kxa5 Kc3 56. Kb5 Kd2 57. Bb3 Kc1 58. a4 d2 59. a5 d1Q 60. Bxd1 Kxd1 61. a6 Be3 62. Kc6 g5 63. Kd5 Ke2 64. Ke4 Kf2 65. h4 gxh4 0-1

[Event "Napoli Greco Memorial"]
[Site "Napoli"]
[Date "2015.04.23"]
[Round "3"]
[White "Condorelli, Pietro"]
[Black "Taurisano, Vincenzo"]
[Result "0-1"]
[WhiteElo "1677"]
[BlackElo "1869"]
[PlyCount "70"]
[EventDate "2015.04.09"]
[EventType "swiss"]
[EventRounds "6"]
[EventCountry "ITA"]
[SourceTitle "EXT 2017"]
[Source "ChessBase"]
[SourceDate "2016.10.25"]
[SourceVersion "1"]
[SourceVersionDate "2016.10.25"]
[SourceQuality "1"]

1. e4 e5 2. Nf3 Nc6 3. Bc4 Bc5 4. c3 d6 5. d4 exd4 6. cxd4 Bb6 7. 0-0 Nf6 8. d5 Ne5 9. Nxe5 dxe5 10. Qd3 0-0 11. h3 Kh8 12. Nc3 a6 13. Bg5 Qd6 14. a3 Bd7 15. Qf3 Ng8 16. Ne2 f5 17. Bd2 fxe4 18. Qxe4 Nf6 19. Qh4 Nxd5 20. Rad1 c6 21. Bg5 Rf7 22. Ng3 Raf8 23. Ne4 Qg6 24. Bd3 Bf5 25. Kh2 h6 26. Bc1 Nf4 27. Bxf4 exf4 28. Qxf4 Bc7 29. Qxc7 Rxc7 30. Nc5 Bxd3 31. Nxd3 Re7 32. g3 Qf5 33. Nf4 g5 34. Nh5 Re2 35. Kg2 Rxf2+ 0-1

[Event "Napoli Antica Scuola 3rd"]
[Site "Napoli"]
[Date "2014.12.18"]
[Round "3"]
[White "Taurisano, Vincenzo"]
[Black "Buonanno, Raffaele"]
[Result "1-0"]
[WhiteElo "1887"]
[BlackElo "1689"]
[PlyCount "49"]
[EventDate "2014.12.04"]
[EventType "swiss"]
[EventRounds "6"]
[EventCountry "ITA"]
[SourceTitle "EXT 2017"]
[Source "ChessBase"]
[SourceDate "2016.10.25"]
[SourceVersion "1"]
[SourceVersionDate "2016.10.25"]
[SourceQuality "1"]

1. Nc3 Nf6 2. e4 d6 3. d4 g6 4. Nf3 Bg7 5. Bc4 0-0 6. 0-0 Nxe4 7. Bxf7+ Rxf7 8. Nxe4 Rf8 9. c3 Bg4 10. Qb3+ d5 11. Ne5 Bc8 12. Bg5 c6 13. Ng3 Qc7 14. Rae1 Re8 15. Qc2 Nd7 16. Nxg6 e5 17. Nxe5 Nxe5 18. dxe5 Bxe5 19. f4 Qg7 20. Bh4 Qh6 21. Bg5 Qg7 22. Bd8 Rxd8 23. Rxe5 Qc7 24. Rfe1 Bd7 25. Re7 1-0

[Event "Napoli Antica Scuola 3rd"]
[Site "Napoli"]
[Date "2014.12.04"]
[Round "1"]
[White "Freda, Guido"]
[Black "Taurisano, Vincenzo"]
[Result "0-1"]
[WhiteElo "1630"]
[BlackElo "1887"]
[PlyCount "94"]
[EventDate "2014.12.04"]
[EventType "swiss"]
[EventRounds "6"]
[EventCountry "ITA"]
[SourceTitle "EXT 2017"]
[Source "ChessBase"]
[SourceDate "2016.10.25"]
[SourceVersion "1"]
[SourceVersionDate "2016.10.25"]
[SourceQuality "1"]

1. d4 Nf6 2. c4 g6 3. Nf3 Bg7 4. Nc3 d6 5. Bg5 0-0 6. h3 Nbd7 7. e3 b6 8. Be2 Bb7 9. 0-0 Ne4 10. Nxe4 Bxe4 11. Bh4 c5 12. Ng5 Bb7 13. Nf3 Nf6 14. d5 b5 15. Bxf6 Bxf6 16. Qc2 b4 17. Rad1 a5 18. a4 bxa3 19. bxa3 a4 20. Rb1 Qc7 21. Nd2 Bc8 22. Bd3 Bd7 23. Ne4 Bg7 24. Nc3 Be5 25. Nb5 Qc8 26. f4 Bf6 27. Qf2 Rb8 28. Qc2 Bh4 29. Kh2 Ra8 30. Nc3 Bf6 31. Ne4 Bg7 32. Ng3 Qc7 33. h4 Rfb8 34. h5 Qa5 35. Ne2 Bg4 36. hxg6 hxg6 37. Rb5 Rxb5 38. cxb5 Bd7 39. Rb1 Rb8 40. Qc4 Qd2 41. e4 Bg4 42. b6 Bxe2 43. Bxe2 Qxf4+ 44. g3 Qf2+ 45. Kh1 Be5 46. Rg1 Kg7 47. Rg2 Rh8+ 0-1

[Event "Napoli Parthenope op 6th"]
[Site "Napoli"]
[Date "2014.06.17"]
[Round "5"]
[White "Taurisano, Vincenzo"]
[Black "Franzese, Luigi"]
[Result "0-1"]
[WhiteElo "1934"]
[BlackElo "1864"]
[PlyCount "72"]
[EventDate "2014.06.01"]
[EventType "swiss"]
[EventRounds "7"]
[EventCountry "ITA"]
[SourceTitle "EXT 2018"]
[Source "ChessBase"]
[SourceDate "2017.10.13"]
[SourceVersion "1"]
[SourceVersionDate "2017.10.13"]
[SourceQuality "1"]

1. d4 Nf6 2. c4 e6 3. Nc3 Bb4 4. a3 Bxc3+ 5. bxc3 b6 6. Bg5 0-0 7. Nf3 d6 8. e4 h6 9. Bxf6 Qxf6 10. Bd3 e5 11. h3 Nd7 12. 0-0 a5 13. Qa4 Qd8 14. Rab1 Ba6 15. Rfd1 Qe7 16. Bf1 Nf6 17. dxe5 dxe5 18. Qc6 Rab8 19. Bd3 Bb7 20. Qb5 Nd7 21. Qb2 Nc5 22. Qe2 Rbd8 23. Bc2 Bc6 24. Ne1 Rxd1 25. Rxd1 Rd8 26. f3 f6 27. g4 Ne6 28. Ng2 Rxd1+ 29. Qxd1 Qd6 30. Qe2 Nf4 31. Nxf4 exf4 32. Kf2 g5 33. Kf1 Be8 34. Ke1 Bf7 35. Bd3 Qxa3 36. Qc2 Qa1+ 0-1

[Event "Napoli Parthenope op 6th"]
[Site "Napoli"]
[Date "2014.06.12"]
[Round "4"]
[White "Auletta, Pasquale"]
[Black "Taurisano, Vincenzo"]
[Result "0-1"]
[WhiteElo "1557"]
[BlackElo "1934"]
[PlyCount "120"]
[EventDate "2014.06.01"]
[EventType "swiss"]
[EventRounds "7"]
[EventCountry "ITA"]
[SourceTitle "EXT 2018"]
[Source "ChessBase"]
[SourceDate "2017.10.13"]
[SourceVersion "1"]
[SourceVersionDate "2017.10.13"]
[SourceQuality "1"]

1. e4 e5 2. Nf3 d6 3. d4 exd4 4. Nxd4 Nf6 5. Nc3 Be7 6. Bc4 0-0 7. 0-0 Nc6 8. h3 Nxd4 9. Qxd4 c6 10. Be3 Be6 11. Rad1 Bxc4 12. Qxc4 Qc8 13. Rd2 b5 14. Qe2 b4 15. Na4 Nxe4 16. Rd4 d5 17. Bd2 Rb8 18. f3 Ng3 19. Qxe7 Nxf1 20. Kxf1 Qa6+ 21. Kf2 Qxa4 22. Bxb4 Qxc2+ 23. Rd2 Qc4 24. a3 d4 25. Qxa7 Rfd8 26. Bd6 Ra8 27. Qxd4 Qxd4+ 28. Rxd4 Rd7 29. Bc5 Rxd4 30. Bxd4 f5 31. Ke3 Kf7 32. Kd3 g6 33. Kc4 Ke6 34. Kc5 Kd7 35. g4 fxg4 36. fxg4 Rf8 37. a4 Rf3 38. h4 Rg3 39. a5 Rxg4 40. Bf6 Rf4 41. Bg5 Rf5+ 42. Kb4 Rb5+ 43. Ka4 Rxb2 44. Bc1 Rb1 45. Bg5 c5 46. a6 Kc6 47. Bd8 Ra1+ 48. Kb3 Rxa6 49. Kc4 h6 50. Bf6 Ra4+ 51. Kd3 Kd5 52. Kc3 c4 53. Bg7 Ra3+ 54. Kb4 Rh3 55. Bxh6 Rxh4 56. Bg5 Rh3 57. Bd2 Kd4 58. Be1 Kd3 59. Bc3 g5 60. Be1 Rh7 0-1

[Event "Napoli Antica Scuola 2nd"]
[Site "Napoli"]
[Date "2014.04.24"]
[Round "7"]
[White "Baltzopoulos, Giorgos"]
[Black "Taurisano, Vincenzo"]
[Result "1-0"]
[WhiteElo "2030"]
[BlackElo "1934"]
[PlyCount "57"]
[EventDate "2014.03.06"]
[EventType "swiss"]
[EventRounds "7"]
[EventCountry "ITA"]
[SourceTitle "EXT 2015"]
[Source "ChessBase"]
[SourceDate "2014.11.20"]
[SourceVersion "1"]
[SourceVersionDate "2014.11.20"]
[SourceQuality "1"]

1. e4 d5 2. exd5 Qxd5 3. Nf3 Nf6 4. d4 Bg4 5. Be2 e6 6. 0-0 Be7 7. h3 Bh5 8. c4 Qd8 9. Qb3 Qc8 10. Nc3 Nbd7 11. Bf4 c6 12. d5 Nc5 13. Qd1 exd5 14. cxd5 Qf5 15. Bh2 Rd8 16. Nd4 Qg5 17. f4 Qg6 18. f5 Qg5 19. Bf4 Qh4 20. Kh2 Bxe2 21. Qxe2 Nxd5 22. Nxd5 Rxd5 23. Nc2 0-0 24. Ne3 Rd4 25. g3 Qf6 26. Ng4 Qxf5 27. Qxe7 Re4 28. Qxf8+ Kxf8 29. Bd6+ 1-0

[Event "Napoli Province-ch"]
[Site "Napoli"]
[Date "2014.01.30"]
[Round "7"]
[White "Buiano, Fabio"]
[Black "Taurisano, Vincenzo"]
[Result "1-0"]
[WhiteElo "2034"]
[BlackElo "1950"]
[PlyCount "47"]
[EventDate "2013.12.05"]
[EventType "swiss"]
[EventRounds "7"]
[EventCountry "ITA"]
[SourceTitle "EXT 2015"]
[Source "ChessBase"]
[SourceDate "2014.11.20"]
[SourceVersion "1"]
[SourceVersionDate "2014.11.20"]
[SourceQuality "1"]

1. e4 c5 2. Nc3 Nc6 3. f4 g6 4. Nf3 Bg7 5. Bb5 e6 6. Bxc6 bxc6 7. e5 Ne7 8. Ne4 0-0 9. Nxc5 d6 10. exd6 Qxd6 11. d4 f6 12. 0-0 e5 13. Ne4 Qc7 14. dxe5 Ba6 15. exf6 Bxf6 16. Nxf6+ Rxf6 17. c4 Rd6 18. Qe2 Rb8 19. b3 Bc8 20. Bb2 Bg4 21. Qe5 Kf8 22. c5 Rd7 23. Qf6+ Ke8 24. Qh8+ 1-0

[Event "Campobasso op 20th"]
[Site "Campobasso"]
[Date "2013.08.04"]
[Round "5"]
[White "Chicco, Giancarlo"]
[Black "Taurisano, Vincenzo"]
[Result "0-1"]
[WhiteElo "1562"]
[BlackElo "1945"]
[PlyCount "84"]
[EventDate "2013.08.02"]
[EventType "swiss"]
[EventRounds "6"]
[EventCountry "ITA"]
[SourceTitle "EXT 2015"]
[Source "ChessBase"]
[SourceDate "2014.11.20"]
[SourceVersion "1"]
[SourceVersionDate "2014.11.20"]
[SourceQuality "1"]

1. b3 d5 2. Bb2 Nf6 3. g3 Bf5 4. d3 e6 5. Bg2 Be7 6. e3 c6 7. Nd2 Nbd7 8. Ne2 0-0 9. 0-0 Qc7 10. h3 h6 11. a3 a5 12. f4 a4 13. b4 c5 14. bxc5 Nxc5 15. Nf3 Rfc8 16. Be5 Qd8 17. g4 Bh7 18. Qd2 Ncd7 19. Rfb1 b6 20. Kh2 Ra5 21. Kg3 Rac5 22. Ra2 Nxe5 23. fxe5 Nd7 24. Rbb2 Qc7 25. Kf2 Nxe5 26. Nxe5 Qxe5 27. Rxb6 Bh4+ 28. Kg1 Qf6 29. Nd4 Qd8 30. Ra6 e5 31. Nf3 Bg5 32. Qe2 e4 33. Nxg5 exd3 34. cxd3 Rc1+ 35. Bf1 hxg5 36. Rxa4 Qd6 37. Kg2 Bg6 38. Rb4 R8c3 39. Rd4 Qc7 40. Kf3 Qc5 41. a4 f5 42. gxf5 Bh5+ 0-1

[Event "Napoli Parthenope op 5th"]
[Site "Napoli"]
[Date "2013.06.20"]
[Round "7"]
[White "Buiano, Fabio"]
[Black "Taurisano, Vincenzo"]
[Result "0-1"]
[WhiteElo "2053"]
[BlackElo "1862"]
[PlyCount "110"]
[EventDate "2013.05.09"]
[EventType "swiss"]
[EventRounds "7"]
[EventCountry "ITA"]
[SourceTitle "EXT 2018"]
[Source "ChessBase"]
[SourceDate "2017.10.13"]
[SourceVersion "1"]
[SourceVersionDate "2017.10.13"]
[SourceQuality "1"]

1. e4 c6 2. d4 d5 3. e5 Bf5 4. Ne2 e6 5. Ng3 Bg6 6. h4 h5 7. Bd3 Bxd3 8. cxd3 g6 9. Nc3 Qb6 10. Nce2 c5 11. dxc5 Bxc5 12. d4 Bf8 13. 0-0 Nc6 14. Bg5 Bh6 15. Bxh6 Nxh6 16. Qd2 0-0-0 17. Rfc1 Kb8 18. Rc3 Nf5 19. Nxf5 gxf5 20. Rb3 Qa5 21. Qe3 Rc8 22. Ra3 Qd8 23. Nc3 Qxh4 24. Nb5 Rhg8 25. Nd6 Qg4 26. Qh3 Nxd4 27. Qxg4 fxg4 28. Nxc8 Nc2 29. Nd6 Nxa1 30. Rc3 a6 31. Rc1 Rg5 32. Rxa1 Rxe5 33. Rc1 Re2 34. b3 Rxa2 35. Rc8+ Ka7 36. Rc7 a5 37. Rxb7+ Ka6 38. Rxf7 Rb2 39. Rf6 Rxb3 40. Rxe6 Rb6 41. f4 gxf3 42. gxf3 a4 43. Kf2 a3 44. Re3 Rxd6 45. Rxa3+ Kb5 46. Re3 Kc5 47. Re5 Rh6 48. Kg3 Kc4 49. Kh4 d4 50. f4 d3 51. Re7 Rd6 52. Rc7+ Kd4 53. Rc1 d2 54. Rd1 Ke3 55. Kxh5 Kxf4 0-1

[Event "Napoli Antica Scuola 1st"]
[Site "Napoli"]
[Date "2013.03.14"]
[Round "4"]
[White "Taurisano, Vincenzo"]
[Black "Parente, Giuseppe"]
[Result "1/2-1/2"]
[WhiteElo "1854"]
[BlackElo "1744"]
[PlyCount "133"]
[EventDate "2013.02.21"]
[EventType "swiss"]
[EventRounds "7"]
[EventCountry "ITA"]
[SourceTitle "EXT 2014"]
[Source "ChessBase"]
[SourceDate "2013.11.20"]
[SourceVersion "1"]
[SourceVersionDate "2013.11.20"]
[SourceQuality "1"]

1. e4 e5 2. Bc4 Nf6 3. d4 exd4 4. Qxd4 Qe7 5. Nc3 Nc6 6. Qe3 Ne5 7. Bb3 Qc5 8. Qg3 Nh5 9. Qg5 Be7 10. Be3 Bxg5 11. Bxc5 Nf4 12. Kf1 Ne6 13. Bxe6 dxe6 14. g3 Nd7 15. Ba3 a6 16. f4 Bd8 17. Nf3 c5 18. b3 b5 19. Bb2 0-0 20. Rd1 Nf6 21. e5 Ng4 22. Bc1 Bb7 23. Ke2 Ba5 24. Nb1 Rad8 25. h3 Nh6 26. g4 Be4 27. Na3 Bb4 28. Ke3 Bxa3 29. Kxe4 Bxc1 30. Rxc1 Rd7 31. Rcd1 Rfd8 32. Rxd7 Rxd7 33. Rh2 f6 34. Rd2 Rxd2 35. Nxd2 f5+ 36. gxf5 Nxf5 37. Nf3 h6 38. c3 Kf7 39. Ne1 Kg6 40. Nd3 c4 41. Nc5 Kf7 42. bxc4 bxc4 43. Nxa6 Ne7 44. Nb4 Ke8 45. a4 Kd8 46. Nc2 Nd5 47. a5 Nxc3+ 48. Kd4 Ne2+ 49. Kxc4 Nxf4 50. a6 Kc7 51. Nd4 Kb6 52. a7 Kxa7 53. Kc5 Nxh3 54. Nxe6 g5 55. Kd4 Kb6 56. Ng7 Nf4 57. Ke4 Kc6 58. Nf5 h5 59. Nd4+ Kd7 60. Kf5 Nh3 61. Nf3 g4 62. Nh4 Ke7 63. Kg6 Nf2 64. Kxh5 Ke6 65. Ng2 Kxe5 66. Kh4 Kf5 67. Ne3+ 1/2-1/2

[Event "Napoli Province-ch"]
[Site "Napoli"]
[Date "2012.12.20"]
[Round "6"]
[White "Ambrosio, Giuseppe"]
[Black "Taurisano, Vincenzo"]
[Result "1-0"]
[WhiteElo "2084"]
[BlackElo "1851"]
[PlyCount "33"]
[EventDate "2012.11.22"]
[EventType "swiss"]
[EventRounds "7"]
[EventCountry "ITA"]
[SourceTitle "EXT 2014"]
[Source "ChessBase"]
[SourceDate "2013.11.20"]
[SourceVersion "1"]
[SourceVersionDate "2013.11.20"]
[SourceQuality "1"]

1. d4 d5 2. c4 e6 3. Nc3 Nf6 4. Nf3 Be7 5. g3 0-0 6. Bg2 c6 7. 0-0 Re8 8. Ne5 Nbd7 9. f4 dxc4 10. e4 Nb6 11. Be3 a5 12. Qe2 a4 13. a3 Ra5 14. Kh1 c5 15. Rad1 cxd4 16. Bxd4 Qc7 17. Bxb6 1-0